Etudes d'histoire du droit / (Record no. 51828)

MARC details
000 -LEADER
campo de control de longitud fija 00413nam a2200145 i 4500
001 - NÚMERO DE CONTROL
campo de control 51828
003 - IDENTIFICADOR DE NÚMERO DE CONTROL
campo de control ES-MaACL
007 - CAMPO FIJO DE DESCRIPCIÓN FÍSICA--INFORMACIÓN GENERAL
campo de control de longitud fija t|
008 - DATOS DE LONGITUD FIJA--INFORMACIÓN GENERAL
campo de control de longitud fija 030819s1908 fr ||||1| fre d
100 1# - ENTRADA PRINCIPAL--NOMBRE DE PERSONA
Nombre de persona Dareste, Rodolphe.
9 (RLIN) 42707
245 10 - MENCIÓN DEL TÍTULO
Título Etudes d'histoire du droit /
Mención de responsabilidad, etc. Rodolphe Dareste.
260 ## - PUBLICACIÓN, DISTRIBUCIÓN, ETC.
Lugar de publicación, distribución, etc. [S.l. :
Nombre del editor, distribuidor, etc. s.n.,
Fecha de publicación, distribución, etc. 1908] (
Lugar de fabricación/manufactura Bar-le-Duc :
Fabricante Contant Laguerre)
300 ## - DESCRIPCIÓN FÍSICA
Extensión 3 v. ;
Dimensiones 23 cm.
852 ## - LOCALIZACIÓN
Ubicación ES-MaACL
Número de control de estantería B-667-669
Holdings
Estatus retirado Estado de pérdida Estado de daño No para préstamo Biblioteca de origen Biblioteca actual Ubicación en estantería Fecha de adquisición Fuente de adquisición Total de préstamos Signatura topográfica completa Código de barras Visto por última vez Precio de reemplazo Tipo de ítem Koha
        Biblioteca del Ateneo de Madrid Biblioteca del Ateneo de Madrid Sala Pardo Bazán 17/01/2008     B-667-669 1054497 23/02/2023 23/02/2023 Libro impreso